000 00554nam a22001817a 4500
005 20231110054220.0
008 231110b |||||||| |||| 00| 0 eng d
020 _a0620141557
041 _aEnglish
082 _a346.5 MEY
100 _aMeyerowitz, D
_lEnglish
245 _aThe Law and Practice of Administration of Estates and Estate Duty /
_cD Meyerowitz
250 _aSixth Edition
260 _aCape Town :
_bThe TaxPayer CC,
_c1989
300 _bxxx,
_c25 cm.
650 _aLegal practice
_bLaw
942 _cBK
_6ALISON_BN_VRIES
999 _c499
_d499